| 000 | 00421nam a2200169Ia 4500 | ||
|---|---|---|---|
| 008 | 230524s9999 xx 000 0 und d | ||
| 020 | _a0070663548 | ||
| 082 |
_a4.22 _bHWA |
||
| 100 | _aKai Hwang | ||
| 245 | 0 | _aComputer Architecture And Parallel Processing | |
| 260 |
_aNEW DELHI _bTMH _c1984 |
||
| 300 | _aXVIII;846 | ||
| 500 | _aQuantity Number: 83 | ||
| 650 | _aComp-Sc | ||
| 700 | _a Faye A.Briggs | ||
| 942 | _cBK | ||
| 999 |
_c5471 _d5471 |
||